Soccer Logos - Euro 2024 - Statistics

General Stats
  • This quiz has been taken 532 times
  • The average score is 20 of 24
Answer Stats
Picture Answer % Correct
Belgium
97%
Croatia
96%
Albania
95%
England
94%
France
94%
Italy
92%
Austria
91%
Germany
91%
Netherlands
91%
Portugal
91%
Spain
89%
Turkey
87%
Hungary
80%
Ukraine
80%
Denmark
79%
Slovakia
78%
Poland
77%
Scotland
77%
Slovenia
75%
Romania
70%
Czech Republic
68%
Serbia
64%
Switzerland
64%
Georgia
54%
No matching quizzes found
Score Distribution
Percent of People with Each Score
Percentile by Number Answered
Your Score History
You have not taken this quiz